[Event "Hessen-ch Seniors op 09th"]
[Site "Bad Sooden-Allendorf"]
[Date "2013.04.24"]
[Round "5"]
[White "Kynast, Reinhard"]
[Black "Scholze, Roland"]
[Result "0-1"]
[WhiteElo "1924"]
[BlackElo "1956"]
[PlyCount "93"]
[EventDate "2013.04.20"]
[EventType "swiss"]
[EventRounds "9"]
[EventCountry "GER"]
[SourceTitle "EXT 2019"]
[Source "ChessBase"]
[SourceDate "2018.10.10"]
[SourceVersion "1"]
[SourceVersionDate "2018.10.10"]
[SourceQuality "1"]

1. c4 e6 2. Nc3 b6 3. d4 Bb7 4. e4 Bb4 5. Qc2 Qe7 6. a3 Bxc3+ 7. bxc3 Na6 8. Nf3 c5 9. Bd3 Rc8 10. 0-0 h6 11. Bf4 Nf6 12. d5 Nh5 13. Be3 0-0 14. Rfe1 d6 15. Rad1 Nb8 16. Nd2 e5 17. Be2 Nf6 18. f4 exf4 19. Bxf4 Rce8 20. Bf3 Nbd7 21. Re2 Ne5 22. Rde1 Bc8 23. Bg3 Nh7 24. Bxe5 Qxe5 25. Re3 Ng5 26. Be2 Bf5 27. Bd3 Bg6 28. h4 Nh7 29. Nf3 Qf4 30. e5 Bxd3 31. Qxd3 dxe5 32. Rxe5 Rxe5 33. Rxe5 Nf6 34. Qe2 Qc1+ 35. Qe1 Qxa3 36. Re7 a5 37. d6 Qa4 38. Ne5 Rd8 39. Nxf7 Rd7 40. Nxh6+ Kh7 41. Nf5 Rxe7 42. Nxe7 Qd7 43. Qg3 Kh8 44. Ng6+ Kg8 45. Qe5 Kf7 46. Nf4 Kg8 47. h5 0-1

[Event "Hessen-ch Seniors op 08th"]
[Site "Bad Sooden-Allendorf"]
[Date "2012.04.20"]
[Round "7"]
[White "Klose, Hans Peter"]
[Black "Scholze, Roland"]
[Result "1/2-1/2"]
[WhiteElo "1724"]
[BlackElo "1986"]
[PlyCount "45"]
[EventDate "2012.04.14"]
[EventType "swiss"]
[EventRounds "9"]
[EventCountry "GER"]
[SourceTitle "EXT 2019"]
[Source "ChessBase"]
[SourceDate "2018.10.10"]
[SourceVersion "1"]
[SourceVersionDate "2018.10.10"]
[SourceQuality "1"]

1. c4 Nf6 2. g3 c5 3. Bg2 g6 4. e4 d6 5. Nf3 Nxe4 6. 0-0 Nf6 7. Nc3 Bg7 8. Re1 0-0 9. d4 cxd4 10. Nxd4 a6 11. Be3 Qc7 12. Qe2 Nc6 13. Nxc6 bxc6 14. Rad1 Re8 15. h3 Rb8 16. Qd2 Qd7 17. Bh6 Bb7 18. Bxg7 Kxg7 19. Kh2 Rbd8 20. b3 e6 21. Re3 c5 22. Bxb7 Qxb7 23. Rd3 1/2-1/2

[Event "Niedersachsen-ch Seniors op 14th"]
[Site "Bad Bevensen"]
[Date "2011.07.08"]
[Round "4"]
[White "Scholze, Roland"]
[Black "Busic, Nedjeljko"]
[Result "0-1"]
[WhiteElo "1764"]
[BlackElo "1866"]
[PlyCount "76"]
[EventDate "2011.07.05"]
[EventType "swiss"]
[EventRounds "9"]
[EventCountry "GER"]
[SourceTitle "EXT 2012"]
[Source "ChessBase"]
[SourceDate "2011.11.24"]
[SourceVersion "1"]
[SourceVersionDate "2011.11.24"]
[SourceQuality "1"]

1. d4 g6 2. e4 Bg7 3. Nc3 c6 4. Nf3 d6 5. Bd3 b5 6. a3 a6 7. Be3 Nd7 8. Qd2 h6 9. 0-0 Bb7 10. Rad1 e6 11. Rfe1 g5 12. h3 Rc8 13. Ne2 c5 14. c3 c4 15. Bb1 f6 16. Ng3 h5 17. d5 e5 18. Nf5 Bf8 19. Nh2 Nc5 20. Qe2 Qd7 21. h4 g4 22. f3 Ne7 23. fxg4 hxg4 24. Nxg4 Ng8 25. Rf1 Qh7 26. Qf2 Nd7 27. Nh2 Nh6 28. Bxh6 Bxh6 29. Nxd6+ Ke7 30. Nxc8+ Bxc8 31. Ng4 Bf4 32. g3 Rg8 33. Nxf6 Nxf6 34. Kh1 Rxg3 35. Qc5+ Kf7 36. Rf2 Qxh4+ 37. Rh2 Rh3 38. Rdd2 Rxh2+ 0-1

[Event "Hessen-ch Seniors op 07th"]
[Site "Bad Sooden-Allendorf"]
[Date "2011.05.08"]
[Round "9"]
[White "Scholze, Roland"]
[Black "Hoellger, Herbert"]
[Result "1/2-1/2"]
[WhiteElo "1696"]
[BlackElo "1853"]
[PlyCount "71"]
[EventDate "2011.04.30"]
[EventType "swiss"]
[EventRounds "9"]
[EventCountry "GER"]
[SourceTitle "EXT 2012"]
[Source "ChessBase"]
[SourceDate "2011.11.24"]
[SourceVersion "1"]
[SourceVersionDate "2011.11.24"]
[SourceQuality "1"]

1. d4 g6 2. e4 Bg7 3. Nc3 d6 4. Be3 a6 5. Qd2 Nd7 6. Nf3 b5 7. Bd3 c5 8. 0-0 Bb7 9. dxc5 dxc5 10. Rad1 Ngf6 11. Bh6 0-0 12. Bxg7 Kxg7 13. Rfe1 e6 14. Qf4 b4 15. Ne2 Qb8 16. Qxb8 Raxb8 17. Ng3 Rfd8 18. Nd2 Ne5 19. Bf1 Rd7 20. f4 Neg4 21. Bd3 Rbd8 22. h3 Nh6 23. Nc4 Ne8 24. Be2 Ng8 25. Rxd7 Rxd7 26. Rd1 Rxd1+ 27. Bxd1 Kf8 28. Kf2 Ke7 29. Be2 Nd6 30. Nxd6 Kxd6 31. e5+ Kc7 32. Nf1 f5 33. Nd2 Ne7 34. Nc4 Be4 35. Bd3 Bxd3 36. cxd3 1/2-1/2

[Event "Hessen-ch Seniors op 07th"]
[Site "Bad Sooden-Allendorf"]
[Date "2011.05.03"]
[Round "4"]
[White "Oldach, Ehrenfried"]
[Black "Scholze, Roland"]
[Result "1-0"]
[WhiteElo "1888"]
[BlackElo "1696"]
[PlyCount "71"]
[EventDate "2011.04.30"]
[EventType "swiss"]
[EventRounds "9"]
[EventCountry "GER"]
[SourceTitle "EXT 2012"]
[Source "ChessBase"]
[SourceDate "2011.11.24"]
[SourceVersion "1"]
[SourceVersionDate "2011.11.24"]
[SourceQuality "1"]

1. f4 Nf6 2. Nf3 d6 3. b3 g6 4. Bb2 Bg7 5. e3 0-0 6. Be2 Nc6 7. 0-0 a6 8. a4 Bd7 9. Na3 e6 10. Qe1 Qe7 11. h3 Nh5 12. Bxg7 Nxg7 13. g4 e5 14. fxe5 Nxe5 15. Nxe5 Qxe5 16. Nc4 Qe7 17. Bf3 Rab8 18. Qg3 Kh8 19. Na5 Bc8 20. Rf2 Qg5 21. Nc4 Be6 22. h4 Qf6 23. Raf1 Bxc4 24. Be2 Qe6 25. Bxc4 d5 26. Bd3 Rbc8 27. Rf6 Qd7 28. Qf3 Rce8 29. Kh1 Re7 30. h5 Ne8 31. hxg6 hxg6 32. Rxg6 f6 33. Rh6+ Kg8 34. Bf5 Qc6 35. Qh3 Rg7 36. Qh5 1-0

[Event "EU-chT Seniors 12th"]
[Site "Dresden"]
[Date "2010.02.16"]
[Round "7"]
[White "Scholze, Roland"]
[Black "Nordby, Berndt"]
[Result "0-1"]
[WhiteElo "2012"]
[BlackElo "2128"]
[PlyCount "64"]
[EventDate "2010.02.10"]
[EventType "team-swiss"]
[EventRounds "9"]
[EventCountry "GER"]
[SourceTitle "CBM 134 Extra"]
[Source "ChessBase"]
[SourceDate "2010.03.03"]
[SourceVersion "1"]
[SourceVersionDate "2010.03.03"]
[SourceQuality "1"]
[WhiteTeam "Stiftung BSW/DBAG (Seniors) IV"]
[BlackTeam "Norway East (Seniors)"]
[WhiteTeamCountry "GER"]
[BlackTeamCountry "NOR"]

1. e4 e6 2. d4 d5 3. Nc3 Bb4 4. exd5 exd5 5. Nf3 Nc6 6. Bb5 Nge7 7. 0-0 0-0 8. Re1 Bg4 9. Be3 a6 10. Bf1 Nf5 11. Qd3 Bxc3 12. bxc3 Bxf3 13. gxf3 Nh4 14. Bd2 Qf6 15. f4 Qg6+ 16. Qxg6 fxg6 17. Bg2 Nxg2 18. Kxg2 Na5 19. Re7 Nc4 20. Be3 Rf7 21. Rxf7 Kxf7 22. Kf3 Kf6 23. Rg1 Rd8 24. Bc1 Re8 25. h4 h6 26. Be3 Re6 27. Rb1 b6 28. Rd1 Rc6 29. Bc1 Nd6 30. Bd2 h5 31. Re1 Ne4 32. Re3 Nxd2+ 0-1

[Event "Hessen-ch Seniors op 05th"]
[Site "Bad Sooden-Allendorf"]
[Date "2009.04.25"]
[Round "1"]
[White "Wahl, Hedi"]
[Black "Scholze, Roland"]
[Result "0-1"]
[WhiteElo "1289"]
[BlackElo "1824"]
[PlyCount "66"]
[EventDate "2009.04.25"]
[EventType "swiss"]
[EventRounds "9"]
[EventCountry "GER"]
[SourceTitle "EXT 2022"]
[Source "ChessBase"]
[SourceDate "2021.10.06"]
[SourceVersion "1"]
[SourceVersionDate "2021.10.06"]
[SourceQuality "1"]

1. e4 e6 2. d4 d5 3. e5 c5 4. c3 Nc6 5. Nf3 Bd7 6. Be3 cxd4 7. cxd4 Nge7 8. a3 Nf5 9. Bc1 Qb6 10. b4 Ncxd4 11. Bd3 Nxf3+ 12. Qxf3 Qd4 13. Ra2 Be7 14. Bb2 Qb6 15. 0-0 Nh4 16. Qe2 Rc8 17. Nd2 Ng6 18. Nf3 Nf4 19. Qd2 Nxd3 20. Qxd3 Bb5 21. Bd4 Bxd3 22. Bxb6 Bxf1 23. Kxf1 axb6 24. Nd4 0-0 25. Nb5 Rc1+ 26. Ke2 f6 27. f4 fxe5 28. fxe5 Rf5 29. Kd2 Bg5+ 30. Kd3 Rxe5 31. Nd6 Re3+ 32. Kd4 Bf4 33. Nxb7 Rc4# 0-1

[Event "Sachsen-ch Seniors op 17th"]
[Site "Dresden"]
[Date "2009.02.16"]
[Round "8"]
[White "Kahn, Peter"]
[Black "Scholze, Roland"]
[Result "1-0"]
[WhiteElo "1885"]
[BlackElo "1800"]
[PlyCount "35"]
[EventDate "2009.02.09"]
[EventType "swiss"]
[EventRounds "9"]
[EventCountry "GER"]
[SourceTitle "EXT 2022"]
[Source "ChessBase"]
[SourceDate "2021.10.06"]
[SourceVersion "1"]
[SourceVersionDate "2021.10.06"]
[SourceQuality "1"]

1. e4 g6 2. d4 Bg7 3. Nc3 c6 4. Be3 d6 5. Qd2 Nd7 6. Bc4 b5 7. Bb3 a5 8. a3 Bb7 9. f3 h5 10. Nge2 Bh6 11. 0-0 Bxe3+ 12. Qxe3 e6 13. f4 Qe7 14. Rad1 c5 15. Nxb5 cxd4 16. Qxd4 e5 17. fxe5 Nxe5 18. Nxd6+ 1-0

[Event "Sachsen-ch Seniors op 17th"]
[Site "Dresden"]
[Date "2009.02.13"]
[Round "5"]
[White "Petzold, Hans"]
[Black "Scholze, Roland"]
[Result "1-0"]
[WhiteElo "2088"]
[BlackElo "1800"]
[PlyCount "69"]
[EventDate "2009.02.09"]
[EventType "swiss"]
[EventRounds "9"]
[EventCountry "GER"]
[SourceTitle "EXT 2022"]
[Source "ChessBase"]
[SourceDate "2021.10.06"]
[SourceVersion "1"]
[SourceVersionDate "2021.10.06"]
[SourceQuality "1"]

1. e4 g6 2. d4 Bg7 3. Nc3 d6 4. Be3 c6 5. f3 Nd7 6. Qd2 b5 7. a3 Bb7 8. h4 h5 9. Nh3 a5 10. Bd3 Nb6 11. Ng5 Nc4 12. Bxc4 bxc4 13. d5 c5 14. 0-0 Nf6 15. Nd1 Nd7 16. f4 0-0 17. c3 Nf6 18. Nf2 Qd7 19. Qe2 Ba6 20. Rae1 Rab8 21. Bc1 e6 22. dxe6 fxe6 23. Rd1 Ne8 24. g4 hxg4 25. Qxg4 Bc8 26. e5 d5 27. h5 gxh5 28. Qxh5 Rf5 29. Ng4 Qe7 30. Qh7+ Kf8 31. Nh6 Qd7 32. Qg8+ Ke7 33. Nxf5+ exf5 34. Rxd5 Qc6 35. Qf7# 1-0

[Event "Hessen-ch Seniors op 04th"]
[Site "Bad Sooden-Allendorf"]
[Date "2008.05.02"]
[Round "9"]
[White "Scholze, Roland"]
[Black "Van Geffen, Ben"]
[Result "0-1"]
[WhiteElo "1837"]
[BlackElo "2001"]
[PlyCount "108"]
[EventDate "2008.04.24"]
[EventType "swiss"]
[EventRounds "9"]
[EventCountry "GER"]
[SourceTitle "EXT 2022"]
[Source "ChessBase"]
[SourceDate "2021.10.06"]
[SourceVersion "1"]
[SourceVersionDate "2021.10.06"]
[SourceQuality "1"]

1. e4 c5 2. Nf3 g6 3. d4 cxd4 4. Nxd4 Nf6 5. Bd3 Nc6 6. Nxc6 bxc6 7. 0-0 Bg7 8. Nc3 0-0 9. f4 d5 10. Qe1 dxe4 11. Nxe4 Nxe4 12. Bxe4 Ba6 13. Rf3 Rb8 14. Rb1 Bxb2 15. Be3 Bd4 16. Rxb8 Bxe3+ 17. Rxe3 Qxb8 18. Bxc6 Rc8 19. Ba4 Qxf4 20. Bb3 e6 21. Rf3 Qd4+ 22. Kh1 Kg7 23. h3 Rd8 24. Kh2 Qd6+ 25. Kg1 Bb7 26. Rf1 Qc5+ 27. Kh1 Qg5 28. Qf2 f5 29. Re1 Rd2 30. Re2 Rxe2 31. Qxe2 Qg3 32. Kg1 e5 33. Qd2 Bc6 34. Bc4 f4 35. Bf1 Qe3+ 36. Qxe3 fxe3 37. Be2 Kf6 38. Kf1 e4 39. Bc4 Ke5 40. g3 Kd4 41. Bg8 Bb5+ 42. Ke1 h6 43. h4 Kc3 44. Bb3 a5 45. a4 Bc4 46. Bxc4 Kxc4 47. Ke2 Kc3 48. Kxe3 Kxc2 49. Kxe4 Kb3 50. Kd4 Kxa4 51. Ke5 h5 52. Kf6 Kb5 53. Kxg6 a4 54. Kxh5 a3 0-1

[Event "Hessen-ch Seniors op 04th"]
[Site "Bad Sooden-Allendorf"]
[Date "2008.05.01"]
[Round "8"]
[White "Reinhold, Klaus"]
[Black "Scholze, Roland"]
[Result "1/2-1/2"]
[WhiteElo "1939"]
[BlackElo "1837"]
[PlyCount "82"]
[EventDate "2008.04.24"]
[EventType "swiss"]
[EventRounds "9"]
[EventCountry "GER"]
[SourceTitle "EXT 2022"]
[Source "ChessBase"]
[SourceDate "2021.10.06"]
[SourceVersion "1"]
[SourceVersionDate "2021.10.06"]
[SourceQuality "1"]

1. d4 Nf6 2. c4 e5 3. dxe5 Ng4 4. Bf4 Nc6 5. Nf3 Bb4+ 6. Nbd2 Qe7 7. a3 Ngxe5 8. Nxe5 Nxe5 9. e3 Bxd2+ 10. Qxd2 d6 11. Be2 0-0 12. 0-0 Be6 13. c5 f6 14. cxd6 cxd6 15. Rac1 Rac8 16. Qb4 Rc7 17. Rfd1 Rd8 18. e4 Rxc1 19. Rxc1 Qf7 20. Qa5 b6 21. Qc3 g5 22. Be3 Rc8 23. Qd2 Rxc1+ 24. Qxc1 Qb7 25. f3 Qc6 26. Qxc6 Nxc6 27. Bb5 Na5 28. Bd4 Kf7 29. Kf2 Nb3 30. Bc3 h5 31. Ke3 d5 32. Bc6 dxe4 33. fxe4 h4 34. g3 hxg3 35. hxg3 Bc4 36. g4 Be6 37. Bd5 Nc5 38. b4 Nd7 39. Bd4 Ne5 40. Bxe5 fxe5 41. Bxe6+ Kxe6 1/2-1/2

[Event "Hessen-ch Seniors op 04th"]
[Site "Bad Sooden-Allendorf"]
[Date "2008.04.24"]
[Round "1"]
[White "Scholze, Roland"]
[Black "Wotschke, Claus"]
[Result "1-0"]
[WhiteElo "1837"]
[BlackElo "1465"]
[PlyCount "79"]
[EventDate "2008.04.24"]
[EventType "swiss"]
[EventRounds "9"]
[EventCountry "GER"]
[SourceTitle "EXT 2022"]
[Source "ChessBase"]
[SourceDate "2021.10.06"]
[SourceVersion "1"]
[SourceVersionDate "2021.10.06"]
[SourceQuality "1"]

1. e4 c6 2. d4 d5 3. e5 e6 4. Bd3 c5 5. c3 c4 6. Bc2 Bd7 7. Nh3 h6 8. Nd2 Ne7 9. Nf4 Nf5 10. 0-0 Be7 11. Bxf5 exf5 12. Nxd5 Bc6 13. Nxe7 Kxe7 14. Qe2 Qd5 15. f4 b5 16. b3 Nd7 17. Ba3+ Ke8 18. Rf2 Nb6 19. Qh5 Qe6 20. Qh4 Rc8 21. Rb1 Bd5 22. Bc5 Ra8 23. Nf1 Rg8 24. Ne3 Be4 25. Re1 g5 26. fxg5 Rxg5 27. Ref1 Bd3 28. Rd1 Be4 29. bxc4 bxc4 30. Qh3 Qg6 31. d5 Rc8 32. Bd4 Rh5 33. Qg3 Rg5 34. Qh4 Nxd5 35. Nxd5 Rxg2+ 36. Kf1 Bxd5 37. Qh3 Be4 38. Rxg2 Bxg2+ 39. Qxg2 Qe6 40. Rb1 1-0

[Event "EU-chT Seniors 10th"]
[Site "Dresden"]
[Date "2008.02.18"]
[Round "8.3"]
[White "Scholze, Roland"]
[Black "Lauterbach, Eberhard"]
[Result "1-0"]
[WhiteElo "1998"]
[BlackElo "1735"]
[PlyCount "41"]
[EventDate "2008.02.11"]
[EventType "team-swiss"]
[EventRounds "9"]
[EventCountry "GER"]
[SourceTitle "CBM 122 Extra"]
[Source "ChessBase"]
[SourceDate "2008.03.04"]
[SourceVersion "1"]
[SourceVersionDate "2008.03.04"]
[SourceQuality "1"]
[WhiteTeam "Bahn Sozialwerk III"]
[BlackTeam "Heidenau"]
[WhiteTeamCountry "GER"]
[BlackTeamCountry "GER"]

1. e4 e6 2. d4 d5 3. Nc3 Bb4 4. Qd3 Bxc3+ 5. bxc3 dxe4 6. Qxe4 Nf6 7. Qh4 0-0 8. Bd3 Nbd7 9. Nf3 Re8 10. Ne5 Nf8 11. 0-0 Ng6 12. Nxg6 fxg6 13. Bg5 Rf8 14. Rfe1 Qe8 15. Bc4 Kh8 16. Re2 Qc6 17. Bd3 Kg8 18. c4 b6 19. Bxf6 Rxf6 20. Rae1 Bd7 21. Be4 1-0

[Event "EU-chT Seniors 10th"]
[Site "Dresden"]
[Date "2008.02.15"]
[Round "5.2"]
[White "Scholze, Roland"]
[Black "Gollasch, Theo Heinz"]
[Result "0-1"]
[WhiteElo "1998"]
[BlackElo "2091"]
[PlyCount "88"]
[EventDate "2008.02.11"]
[EventType "team-swiss"]
[EventRounds "9"]
[EventCountry "GER"]
[SourceTitle "CBM 122 Extra"]
[Source "ChessBase"]
[SourceDate "2008.03.04"]
[SourceVersion "1"]
[SourceVersionDate "2008.03.04"]
[SourceQuality "1"]
[WhiteTeam "Bahn Sozialwerk III"]
[BlackTeam "Hamburger SK"]
[WhiteTeamCountry "GER"]
[BlackTeamCountry "GER"]

1. d4 Nf6 2. Nc3 d5 3. Bg5 e6 4. e4 dxe4 5. Bxf6 Qxf6 6. Nxe4 Qd8 7. Nf3 Nd7 8. Bd3 Be7 9. Qd2 b6 10. 0-0 Bb7 11. Rfe1 h6 12. Ne5 0-0 13. Rad1 Nf6 14. Nxf6+ Bxf6 15. Be4 Bxe4 16. Rxe4 Qd5 17. Rg4 Bxe5 18. dxe5 Qxe5 19. Qxh6 Rfd8 20. Rf1 Qxb2 21. Rg3 Kf8 22. Qh8+ Ke7 23. Qxg7 Qxg7 24. Rxg7 Rd2 25. h4 Kf6 26. Rg3 Rxc2 27. a3 Rh8 28. Rf3+ Ke7 29. g3 Rh5 30. Kg2 Ra2 31. Rc1 c5 32. Rd1 Rf5 33. Rxf5 exf5 34. Rd3 c4 35. Rf3 Ke6 36. h5 Rd2 37. Kh3 Rd3 38. Rf4 b5 39. Kh4 c3 40. h6 c2 41. h7 c1Q 42. Kg5 Rd8 43. Kh6 Kf6 44. f3 a5 0-1